000
00206 a2200097 4500
001
23504
100
_a
Peters, M
245
_a
Mathematics a modern approach Book I
260
_a
_b
_c
090
_c
15894
_d
15894
942
_a
NUST-CAE
_c
_c
6551
999
_c
258577
_d
258577